Krasňany 2020

Na minha lista:
Detalhes bibliográficos
Autor principal: Morvayová, Mária, 1988- (Author)
Outros Autores: Krajcsovics, Lorant, 1979- (Thesis advisor)
Formato: Manuscrito Livro
Idioma:eslovaco
Publicado em: Bratislava : STU v Bratislave FA, 2014
Assuntos:
Acesso em linha:VAIS
Tags: Adicionar Tag
Sem tags, seja o primeiro a adicionar uma tag!

MARC

LEADER 00000ntm a22000003a 4500
001 stu290608
005 20210317080738.4
008 140607s2014----xo------------------slo-d
040 |a STU  |b slo 
041 0 |a slo 
044 |a xo 
100 1 |a Morvayová, Mária,  |d 1988-  |4 aut  |u A  |T FAD Fakulta architektúry  |X 58444  |U A  |Y 50  |7 A000058444 
245 1 |a Krasňany 2020 
260 |a Bratislava :  |b STU v Bratislave FA,  |c 2014 
650 7 |a kindergarten  |2 estusub 
650 7 |a bytový dom  |2 stusub 
650 7 |a materská škola  |2 stusub 
650 7 |a polyfunkčný objekt  |2 stusub 
700 1 |a Krajcsovics, Lorant,  |d 1979-  |4 ths  |u A2120  |U FAD Fakulta architektúry a dizajnu  |U FAD Fakulta architektúry  |T FA Ústav ekologickej a experimentálnej architektúry  |X 4831  |U A2120  |Y 393  |7 A000004831 
856 4 |a info a plný text  |u http://is.stuba.sk/zp/portal_zp.pl?podrobnosti=103964  |u https://opac.crzp.sk/?fn=detailBiblioForm&sid=B0185F20487F708889193B60D476  |3 VAIS